000 00299nam a22001337a 4500
008 170627b xxu||||| |||| 00| 0 eng d
020 _a17464501
041 _aeng
080 _a05
100 _a21
101 _aGJL
245 _aHANDBOOK OF GRAMMAR & COMPOSITION
_cCHAPMAN, J.A
942 _2udc
_cBK
999 _c19209
_d19209